zpět

Detail výsledku týmu

Přátelé / Ostrava, Ostrava

Datum a čas kvízu

11 Celkem bodů Celkový počet nahraných bodů na tomto kvízu bez doplňovacích otázek.
7. Pořadí na kvízu Konečné umístění týmu na tomto kvízu.

Zaznamenané odpovědi

# Otázka Odpověď Body Výsledky
1. Čeští senátoři zvolili ve stře... 0
2. Český europoslanec, zvolený za... 0
3. Nejstreamovanější kapela roku... 0
4. Další výrobce luxusních vozů o... 0
5. Minulý týden probíhal v Londýn... 1
5. Který produkt propaguje již de... 0
5. Jak se jmenuje herečka v roli... 1
8. Dvojnásobná olympijská vítězka... 0
5. Jak se jmenuje značka, s níž j... 0
10. Přiřaďte jména známých osobnos... 1